000 00797nam a2200229Ia 4500
005 20250108124913.0
008 008 250107s9999 xx 000 0 pun d
020 _a978-81-955423-5-2
037 _aTB
040 _aCRL
_bpun
_cCRL
041 _apun
_2pun
084 _aO124,3N47,AL 111Q2
084 _qCRL
100 _aਹਰਿ ਭਗਵਾਨ, ਲੇਖਕ
245 0 _aਪੰਜਾਬੀ ਜਝਾਰ ਕਾਵਿਃ ਇਕ ਅਧਿਐਨ
_cਹਰਿ ਭਗਵਾਨ, ਲੇਖਕ
260 _aਮਾਲੇਰਕੋਟਲਾ, ਭਾਰਤ
_bਨੂਗ਼ਰੀਆ ਪ੍ਰਕਾਸ਼ਨ
_c2614
300 _a143ह0
365 _aINR
_b250
650 _aਪੰਜਾਬੀ ਸਾਹਿਤ
942 _cTB
_hO124,3N47,AL 111Q2
999 _c1235002
_d1235002